000 01471nam a2200205 a 4500
008 120416s1989 ||||||||||||||||| || u
050 _aHC 800 Uni
110 _aUnited Nations Economic Commission For Africa(UNECA)
245 1 0 _aAfrican alternative framework to structural adjustment programmes for socio-economic recovery and transformation
_cby United Nations Economic Commisssion for Africa (UNECA)
260 _aAddis Ababa
_bUNITED NATIONS ECONOMIC COMMISSION FOR AFRICA(UNECA)
_c1989-
300 _aiii, 60p. : ill.
350 _a0.00
650 0 _aECONOMICS
650 _aSTRUCTURAL ADJUSTMENT (ECONOMIC POLICY)--AFRICA
995 _aSPECIAL COLLECTIONS
_D0.00
_e026034
_FCBU-MAIN LIBRARY (Kitwe)
_H1
_I0.00
_jUN-ECA(02)1989/ 4A
_M2
_UAVAILABLE
_WFeb 25, 2010
_y026034
_ZInternational Publications
995 _aSPECIAL COLLECTIONS
_D0.00
_e03006811
_FCBU-MAIN LIBRARY (Kitwe)
_H1
_I0.00
_jUN-ECA(02)1989/ 4B
_M2
_UAVAILABLE
_WJul 19, 2010
_y03006811
_ZInternational Publications
995 _aANNEX COLLECTION (Main Library)
_D0.00
_e717365
_FCBU-MAIN LIBRARY (Kitwe)
_H1
_I15.00
_jHC 800 Uni
_M1
_UAVAILABLE
_y018032
_ZAnnex Low-Usage Collection
995 _aSPECIAL COLLECTIONS
_D0.00
_e03007321
_FCBU-MAIN LIBRARY (Kitwe)
_H1
_I0.00
_jUN-ECA(02)1991/ 2
_M1
_UAVAILABLE
_WNov 2, 2010
_y03007321
_ZInternational Publications
995 _aSPECIAL COLLECTIONS
_D0.00
_e03007350
_FCBU-MAIN LIBRARY (Kitwe)
_H1
_I0.00
_jUN-ECA(02)1889/ 4C
_M5
_UAVAILABLE
_WNov 8, 2010
_y03007350
_ZInternational Publications
999 _c83776
_d83776